000 01036cam a22003257a 4500
003 CHAP
005 20220329134935.0
008 971013s1975 r 00010 d
010 _a28405
011 _a29377
035 _a33488
040 _cCHAP
082 _a634.9
_bK53
100 0 0 _aKnauth, Percy.
_963501
245 1 4 _aThe american north woods
260 _aAmsterdam :
_bTime-Life International,
_c1975
300 _a184 p.
590 _aBATCH-UPD
_b10
_c20130110
_lUCH01
_h0326
590 _aBATCH-UPD
_b10
_c20130110
_lUCH01
_h1923
590 _aBATCH-UPD
_b10
_c20130409
_lUCH01
_h2358
590 _aBATCH-UPD
_b10
_c20130410
_lUCH01
_h1538
590 _aBATCH-UPD
_b10
_c20130914
_lUCH01
_h1848
590 _aCONVERSION
_b10
_c20130109
_lUCH01
_h1316
650 1 4 _aÁrboles
_xAmerica del Norte.
_96567
650 1 4 _aParques nacionales
_xAmérica del Norte.
_985698
650 1 4 _aRecursos naturales
_xAmérica del Norte.
_995188
901 _aBK
942 _cLIBRO
949 _a634.9 K53
_bBC
_cLIBRO
_d-77892
_eLIBRO
_h38856
_i33488
_si
999 _c28405
_d28405